000 00722nam a2200289Ia 4500
005 20260324125952.0
008 008 260324s9999 xx 000 0 eng d
020 _a9781315593166
037 _aEBOOK
040 _aCRL
040 _beng
040 _cCRL
041 _2eng
041 _aeng
084 _qCRL
100 _aMichael P. Letsky; Norman W. Warner; C.A.P. Smith; Stephen M. Fiore
_91180022
245 0 _aMacrocognition in Teams
245 0 _bTheories and Methodologies
260 _bTaylor and Francis
260 _c2008
365 _a
365 _b340
856 _uhttp://www.taylorfrancis.com/books/9781315593166
942 _cEBOOK
999 _c1775733
_d1775733